<?xml version="1.0" encoding="UTF-8"?><?xml-stylesheet type="text/xsl" href="static/style.xsl"?><OAI-PMH xmlns="http://www.openarchives.org/OAI/2.0/" xmlns:xsi="http://www.w3.org/2001/XMLSchema-instance" xsi:schemaLocation="http://www.openarchives.org/OAI/2.0/ http://www.openarchives.org/OAI/2.0/OAI-PMH.xsd"><responseDate>2026-04-17T04:27:46Z</responseDate><request verb="GetRecord" identifier="oai:www.recercat.cat:2117/90586" metadataPrefix="marc">https://recercat.cat/oai/request</request><GetRecord><record><header><identifier>oai:recercat.cat:2117/90586</identifier><datestamp>2025-07-22T23:59:36Z</datestamp><setSpec>com_2072_1033</setSpec><setSpec>col_2072_452951</setSpec></header><metadata><record xmlns="http://www.loc.gov/MARC21/slim" xmlns:dcterms="http://purl.org/dc/terms/" xmlns:xsi="http://www.w3.org/2001/XMLSchema-instance" xmlns:doc="http://www.lyncode.com/xoai" xsi:schemaLocation="http://www.loc.gov/MARC21/slim http://www.loc.gov/standards/marcxml/schema/MARC21slim.xsd">
   <leader>00925njm 22002777a 4500</leader>
   <datafield ind2=" " ind1=" " tag="042">
      <subfield code="a">dc</subfield>
   </datafield>
   <datafield ind2=" " ind1=" " tag="720">
      <subfield code="a">Rombaut Segarra, Juan</subfield>
      <subfield code="e">author</subfield>
   </datafield>
   <datafield ind2=" " ind1=" " tag="260">
      <subfield code="c">2016-01</subfield>
   </datafield>
   <datafield ind2=" " ind1=" " tag="520">
      <subfield code="a">En este proyecto se describe la investigación en el campo de la optoelectrónica (nexo de unión entre los sistemas ópticos y eléctricos) vinculada a nuevos materiales y metodologías aplicadas a electrodos transparentes.&#xd;
Estos son componentes esenciales en muchas aplicaciones y dispositivos tales como células solares, pantallas rígidas y táctiles, diodos emisores de luz o ventanas inteligentes que facilitan la transmisión de luz eficiente así como permiten la conducción de señales eléctricas. Desde el descubrimiento del grafeno, teniendo en cuenta sus teóricas virtudes por lo que respecta a la transparencia y conductividad eléctrica fundamentalmente, se han escrito&#xd;
muchos artículos y  se ha publicado gran cantidad de información sobre sus posibles aplicaciones. En este proyecto se trabajará directamente con grafeno, donde se explicará su producción a nivel de investigación, se buscará posibles aplicaciones en electrodos transparentes y se verá su influencia sobre otros materiales.&#xd;
También se trabajará sobre nanocables de plata. Como se podrá leer en la memoria, estos nanocables tienen propiedades optoelectrónicas muy prometedoras y se estudiaran en conjunto con el grafeno para comprobar sus propiedades y posibles aplicaciones tanto juntos como por separado.&#xd;
Para intentar estudiar si ya es posible la aplicación de estos nuevos materiales en electrodos transparentes, gracias a la maquinaria y profesionalidad del centro donde se llevará a cabo este proyecto, se podrán estudiar diferentes alternativas para ver realmente si el grafeno es, o podrá ser un avance real en el campo de la ingeniería fotovoltaica.</subfield>
   </datafield>
   <datafield tag="653" ind2=" " ind1=" ">
      <subfield code="a">Àrees temàtiques de la UPC::Energies::Energia solar fotovoltaica</subfield>
   </datafield>
   <datafield tag="653" ind2=" " ind1=" ">
      <subfield code="a">Electrodes</subfield>
   </datafield>
   <datafield tag="653" ind2=" " ind1=" ">
      <subfield code="a">Photovoltaic power generation</subfield>
   </datafield>
   <datafield tag="653" ind2=" " ind1=" ">
      <subfield code="a">Elèctrodes</subfield>
   </datafield>
   <datafield tag="653" ind2=" " ind1=" ">
      <subfield code="a">Energia solar fotovoltaica</subfield>
   </datafield>
   <datafield ind2="0" ind1="0" tag="245">
      <subfield code="a">Estudio y sintetización de grafeno en electrodos transparentes para células fotovoltaicas orgánicas</subfield>
   </datafield>
</record></metadata></record></GetRecord></OAI-PMH>